[Event "Grand Rapids (MI Am/5/13)"]
[Site "?"]
[Date "1995.??.??"]
[Round "?"]
[White "Hammond, M."]
[Black "Smalec, John"]
[Result "1-0"]
[WhiteElo "1605"]
[BlackElo "1760"]
[PlyCount "83"]
[EventDate "1995.??.??"]

{5/(13)} 1. d4 Nf6 2. Nf3 d5 3. Bf4 e6 4. Nbd2 Bd6 5. Bxd6 Qxd6 6. e3 Nc6 7. c4
e5 8. c5 Qe7 9. Bb5 Bd7 10. Bxc6 bxc6 11. Nxe5 Rb8 12. Qc2 Ng4 13. Nxd7 Qxd7
14. O-O O-O 15. Nf3 f6 16. h3 Nh6 17. Rab1 g5 18. Rfe1 g4 19. hxg4 Qxg4 20. Nh2
Qg5 21. Qe2 f5 22. Nf3 Qh5 23. Ne5 Qh4 24. Qf3 Ng4 25. Nxc6 Rbe8 26. Qxd5+ Kh8
27. Qf3 Re6 28. d5 Rh6 29. g3 Qh2+ 30. Kf1 Nxf2 31. Qxf2 Qh1+ 32. Ke2 Qxd5 33.
Nd4 Qxc5 34. Rbc1 Qb4 35. Rc2 c5 36. a3 Qa5 37. Nf3 Qb5+ 38. Kd1 Rd8+ 39. Kc1
Rhd6 40. Ne5 Rf6 41. Qe2 Qb7 42. Rf1 {[Remainder illegible; 1-0, 45?]} 1-0

[Event "Grand Rapids (MI Am/2/22)"]
[Site "?"]
[Date "1995.??.??"]
[Round "?"]
[White "Hammond, M."]
[Black "Brown, Ralph"]
[Result "0-1"]
[WhiteElo "1605"]
[BlackElo "1650"]
[PlyCount "38"]
[EventDate "1995.??.??"]

{2/(22)} 1. d4 d5 2. Bf4 Nc6 3. Nf3 h6 4. h3 e6 5. Nbd2 Nf6 6. e3 Bd6 7. Bxd6
Qxd6 8. c4 O-O 9. cxd5 exd5 10. a3 Bd7 11. Bd3 Rae8 12. O-O a6 13. Re1 Ne4 14.
Qc2 f5 15. Nh2 Nxf2 16. Be2 Qg3 17. Kf1 Ne4 18. Kg1 Qxe3+ 19. Kh1 Ng3# 0-1

[Event "East Lansing (Beg/4/3)"]
[Site "?"]
[Date "1995.??.??"]
[Round "?"]
[White "Hamade, Wael"]
[Black "Paul, Dennis"]
[Result "0-1"]
[WhiteElo "1605"]
[BlackElo "1605"]
[PlyCount "34"]
[EventDate "1995.??.??"]

{4/(3)} 1. e4 d6 2. Nc3 f5 3. exf5 Bxf5 4. Nf3 e5 5. Bd3 Bxd3 6. cxd3 Nc6 7.
O-O Qd7 8. Nd5 O-O-O 9. Qa4 h6 10. a3 Nf6 11. Nb4 Qg4 12. Nxc6 Qxa4 13. Nb4 g5
14. Re1 g4 15. Nh4 Rg8 16. Re4 Qd1+ 17. Re1 Qxe1# 0-1

[Event "East Lansing (Beg/2/1)"]
[Site "?"]
[Date "1995.??.??"]
[Round "?"]
[White "Hamade, R."]
[Black "Jacobs, Ron"]
[Result "0-1"]
[WhiteElo "1605"]
[BlackElo "1605"]
[PlyCount "106"]
[EventDate "1995.??.??"]

{2/(1)} 1. e4 c5 2. Nf3 d6 3. Nc3 Nf6 4. d3 g6 5. g3 Bg7 6. Nd5 Nxd5 7. exd5
O-O 8. Bg2 Bd7 9. O-O Na6 10. a3 b5 11. c3 Qa5 12. Bf4 Rab8 13. Qe1 Rfe8 14. c4
Qxe1 15. Rfxe1 bxc4 16. dxc4 Rxb2 17. h3 Rb3 18. Bg5 Bxa1 19. Rxa1 e6 20. Nd2
Rd3 21. h4 exd5 22. cxd5 Nc7 23. Ne4 Nxd5 24. Nxd6 Re2 25. Bh6 Ne7 26. Bf1 Rxd6
27. Bxe2 Nf5 28. Bf4 Re6 29. Bg4 Re7 30. Rc1 Nxg3 31. fxg3 Bxg4 32. Rxc5 Re1+
33. Kf2 Re2+ 34. Kf1 Re6 35. Rc4 Be2+ 36. Kf2 Bxc4 37. Bh6 a5 38. Kf3 f5 39.
Kf4 Re4+ 40. Kg5 Rg4+ 41. Kf6 Rxg3 42. a4 Bb3 43. Bd2 Rh3 44. Kg5 Bxa4 45. Bxa5
Rg3+ 46. Kf6 Rg4 47. Be1 Bd1 48. Bf2 f4 49. Ke5 f3 50. Be1 h5 51. Kf6 Kh7 52.
Bf2 Rf4+ 53. Kg5 Rf5# 0-1

[Event "Troy (TCC Beg/3/2)"]
[Site "?"]
[Date "1995.??.??"]
[Round "?"]
[White "Hall, K."]
[Black "Murray, L."]
[Result "1-0"]
[WhiteElo "1605"]
[BlackElo "1605"]
[PlyCount "59"]
[EventDate "1995.??.??"]

{3/(2)} 1. d4 d5 2. Nf3 Nc6 3. e3 Nf6 4. c3 Bg4 5. h3 Bxf3 6. Qxf3 g6 7. Bd3
Bg7 8. Nd2 O-O 9. O-O e6 10. Re1 Nh5 11. e4 Re8 12. e5 f6 13. g4 fxe5 14. gxh5
Qg5+ 15. Qg4 Qxg4+ 16. hxg4 gxh5 17. Bb5 exd4 18. Bxc6 bxc6 19. cxd4 Bxd4 20.
Nb3 c5 21. gxh5 Re7 22. Nxd4 cxd4 23. Re5 Rf8 24. Bg5 Rg7 25. Kh2 Rxf2+ 26. Kh1
Rxb2 27. Rf1 d3 28. Bh6 Re2 29. Bxg7 Rxe5 30. Bxe5 1-0

[Event "Troy (US Am N/3/31)"]
[Site "?"]
[Date "1995.??.??"]
[Round "?"]
[White "Hall, K."]
[Black "Kane, Paul"]
[Result "1-0"]
[WhiteElo "1605"]
[BlackElo "1605"]
[PlyCount "63"]
[EventDate "1995.??.??"]

{3/(31)} 1. d4 d5 2. Nf3 c6 3. e3 Bf5 4. Bd3 Bxd3 5. Qxd3 e6 6. O-O Nf6 7. Nbd2
Qc7 8. Ne5 Nbd7 9. Nxd7 Nxd7 10. e4 dxe4 11. Nxe4 O-O-O 12. c3 f5 13. Nd2 g5
14. b4 Bd6 15. Re1 Bxh2+ 16. Kf1 Rhe8 17. Nf3 Bf4 18. Nxg5 Nf8 19. Bxf4 Qxf4
20. Nf3 Ng6 21. g3 Qh6 22. Kg2 Rd7 23. Qc4 Rde7 24. b5 Nf8 25. bxc6 b6 26. Ne5
f4 27. Qa6+ Kd8 28. Rad1 fxg3 29. fxg3 Rc7 30. d5 exd5 31. Rxd5+ Nd7 32. Nf7#
1-0

[Event "Troy (US Am N/6/10)"]
[Site "?"]
[Date "1995.??.??"]
[Round "?"]
[White "Hall, K."]
[Black "Hater, David"]
[Result "0-1"]
[WhiteElo "1605"]
[BlackElo "1900"]
[PlyCount "102"]
[EventDate "1995.??.??"]

{6/(10)} 1. d4 Nf6 2. c4 g6 3. Nc3 d5 4. e3 Bg7 5. Nf3 O-O 6. Bd3 Nc6 7. O-O
Nb4 8. Be2 Bf5 9. Ne1 c5 10. cxd5 cxd4 11. exd4 Nfxd5 12. Be3 Rc8 13. a3 Nc6
14. Nxd5 Qxd5 15. Bf3 Be4 16. Bxe4 Qxe4 17. Nf3 Rfd8 18. Rc1 Rd7 19. Qb3 Rcd8
20. Rfd1 Nxd4 21. Nxd4 Bxd4 22. Re1 Qd5 23. Bxd4 Qxd4 24. g3 Qd2 25. Qc2 e6 26.
Kf1 Qxc2 27. Rxc2 Rd2 28. Rec1 Kf8 29. Ke1 Rxc2 30. Rxc2 Ke7 31. Ke2 Rd6 32.
Ke3 Kd7 33. g4 Rd5 34. f4 Kd6 35. Rc8 h5 36. g5 Rb5 37. b4 e5 38. Rc5 exf4+ 39.
Kxf4 Rxc5 40. bxc5+ Kxc5 41. Ke5 b5 42. Kf6 a5 43. Kxf7 b4 44. axb4+ axb4 45.
Kxg6 b3 46. Kxh5 b2 47. h4 b1=Q 48. g6 Kd6 49. Kh6 Ke7 50. h5 Kf6 51. g7 Kf7
0-1

[Event "Troy (US Am N/1/46)"]
[Site "?"]
[Date "1995.??.??"]
[Round "?"]
[White "Hall, K."]
[Black "Griffin, John"]
[Result "1-0"]
[WhiteElo "1605"]
[BlackElo "1605"]
[PlyCount "33"]
[EventDate "1995.??.??"]

{1/(46)} 1. d4 Nf6 2. c4 e6 3. a3 b6 4. Nf3 Bb7 5. Bg5 Be7 6. e3 O-O 7. Bd3 h6
8. h4 d5 9. Ne5 Ne4 10. Bxh6 Bxh4 11. Qg4 Bxf2+ 12. Ke2 Qf6 13. Bxe4 dxe4 14.
Bg5 Qf5 15. Qh5 Bh4 16. Rxh4 f6 17. Qh8# 1-0

[Event "Troy (TCC Beg/1/7)"]
[Site "?"]
[Date "1995.??.??"]
[Round "?"]
[White "Hall, K."]
[Black "Fuson, R."]
[Result "1/2-1/2"]
[WhiteElo "1605"]
[BlackElo "1605"]
[PlyCount "62"]
[EventDate "1995.??.??"]

{1/(7)} 1. d4 Nf6 2. c4 e6 3. Nf3 Ne4 4. a3 d5 5. Qc2 c6 6. e3 Nd7 7. Bd3 Ndf6
8. c5 Be7 9. Ne5 O-O 10. f3 Ng5 11. h4 Nxf3+ 12. gxf3 g6 13. Rg1 Nh5 14. Nxg6
fxg6 15. Qg2 Bxh4+ 16. Kd2 Ng3 17. Kc3 b6 18. b4 bxc5 19. dxc5 Qf6+ 20. Kc2
Qxf3 21. Qxf3 Rxf3 22. Nd2 Rxe3 23. Nb3 Rxd3 24. Kxd3 e5 25. Bb2 Bf5+ 26. Ke3
d4+ 27. Kf3 e4+ 28. Kg2 Ne2 29. Rgf1 Rd8 30. Rxf5 gxf5 31. Kh3 Bf6 1/2-1/2

[Event "Troy (TCC Beg/5/1)"]
[Site "?"]
[Date "1995.??.??"]
[Round "?"]
[White "Hall, K."]
[Black "Dory, T."]
[Result "0-1"]
[WhiteElo "1605"]
[BlackElo "1605"]
[PlyCount "67"]
[EventDate "1995.??.??"]

{5/(1)} 1. d4 Nf6 2. c4 e6 3. Nf3 b6 4. Bg5 Bb7 5. e3 h6 6. Bxf6 Qxf6 7. a3 c5
8. Nc3 Na6 9. d5 exd5 10. Nxd5 Qxb2 11. g3 g5 12. Bh3 O-O-O 13. O-O Qg7 14. Bg2
h5 15. Rb1 Nc7 16. Nxb6+ axb6 17. Rxb6 d5 18. Qb1 Ba8 19. Qf5+ Ne6 20. Nxg5 Rd7
21. cxd5 Qxg5 22. Qd3 Nc7 23. Rfb1 Rd6 24. Rb8+ Kd7 25. Rxa8 Nxa8 26. Bh3+ Ke7
27. Qe4+ Kf6 28. Qc4 Qxd5 29. Qc3+ Qe5 30. Qa5 Bh6 31. f4 Qe4 32. Qc3+ Kg6 33.
Rf1 Bg7 34. f5+ 0-1

[Event "East Lansing (Beg/1/5)"]
[Site "?"]
[Date "1995.??.??"]
[Round "?"]
[White "Haidar, R."]
[Black "Taylor, Walt"]
[Result "1-0"]
[WhiteElo "1605"]
[BlackElo "1605"]
[PlyCount "120"]
[EventDate "1995.??.??"]

{1/(5)} 1. e4 e5 2. Nf3 Nc6 3. Bc4 Qe7 4. d3 Nf6 5. Ng5 Nd8 6. Nc3 g6 7. Nb5
Ne6 8. Nxe6 dxe6 9. Bg5 Bg7 10. c3 O-O 11. O-O b6 12. Qf3 Ba6 13. a4 c6 14. Na3
Bxc4 15. Nxc4 b5 16. axb5 cxb5 17. Na3 a6 18. d4 exd4 19. e5 dxc3 20. exf6 Bxf6
21. Bxf6 Qe8 22. Qxc3 Qc8 23. Qd4 h5 24. Bh8 f6 25. Bxf6 Qb7 26. Bh8 b4 27. Nc4
Qa7 28. Qe5 Rf7 29. Nd6 Rff8 30. Rxa6 Qh7 31. Rxa8 Rxa8 32. Ne4 Qxh8 33. Qxe6+
Kf8 34. Ng5 Qg7 35. Qd6+ Qe7 36. Qf4+ Ke8 37. Nf3 b3 38. Re1 Qxe1+ 39. Nxe1 Ra2
40. Nd3 Ra1+ 41. Nc1 Kd7 42. h4 Kc6 43. Kh2 Kb5 44. Nxb3 Ra4 45. Qe5+ Kb4 46.
Nc5 Ra5 47. Qd4+ Kb5 48. Nb3 Ra4 49. Qd7+ Kb4 50. f4 Kxb3 51. Qd1+ Kb4 52. b3
Ra5 53. Qd6+ Rc5 54. Qxg6 Kxb3 55. f5 Rc4 56. Qg8 Kc3 57. f6 Rxh4+ 58. Kg1 Rg4
59. Qxg4 hxg4 60. f7 Kd3 1-0

[Event "East Lansing (Beg/3/7)"]
[Site "?"]
[Date "1995.??.??"]
[Round "?"]
[White "Haidar, R."]
[Black "McAllister, Don"]
[Result "0-1"]
[WhiteElo "1605"]
[BlackElo "1605"]
[PlyCount "52"]
[EventDate "1995.??.??"]

{3/(7)} 1. e4 e5 2. Nf3 d6 3. d3 Nf6 4. Bg5 Be7 5. Nc3 O-O 6. g3 h6 7. Bxf6
Bxf6 8. Nd5 Be6 9. Nxf6+ Qxf6 10. Bg2 c6 11. O-O d5 12. exd5 cxd5 13. c3 d4 14.
c4 Bg4 15. h3 Bxf3 16. Bxf3 Na6 17. Re1 Rae8 18. Bxb7 Nc5 19. Bd5 Qf5 20. Kf1
Qxh3+ 21. Bg2 Qf5 22. Bc6 Re7 23. b4 Nxd3 24. Be4 Qh3+ 25. Bg2 Qf5 26. Be4
Qxf2# 0-1

[Event "East Lansing (Beg/5/9)"]
[Site "?"]
[Date "1995.??.??"]
[Round "?"]
[White "Haidar, R."]
[Black "Herron, D."]
[Result "0-1"]
[WhiteElo "1605"]
[BlackElo "1605"]
[PlyCount "48"]
[EventDate "1995.??.??"]

{5/(9)} 1. e4 Nf6 2. Nc3 e6 3. d3 d5 4. f3 dxe4 5. fxe4 Bb4 6. Bd2 O-O 7. Qf3
Nc6 8. Qg3 g6 9. Be2 Nd4 10. O-O-O Nxe2+ 11. Ngxe2 Nh5 12. Qf2 e5 13. Ng3 Nxg3
14. hxg3 h5 15. a3 Bg4 16. Rde1 Bxc3 17. Bxc3 f6 18. d4 g5 19. dxe5 fxe5 20.
Bxe5 Rxf2 21. c3 Rxg2 22. Ref1 h4 23. gxh4 gxh4 24. Bf6 Qd2+ 0-1

[Event "East Lansing (MI Op/1a/5)"]
[Site "?"]
[Date "1995.??.??"]
[Round "?"]
[White "Hahn, David"]
[Black "Van Loon, C."]
[Result "1-0"]
[WhiteElo "2215"]
[BlackElo "1925"]
[PlyCount "101"]
[EventDate "1995.??.??"]

1. e4 c5 2. c3 d5 3. exd5 Qxd5 4. d4 cxd4 5. cxd4 Nc6 6. Nf3 Bg4 7. Nc3 Bxf3 8.
gxf3 Qxd4 9. Qxd4 Nxd4 10. Nb5 Nc2+ 11. Kd1 Nxa1 12. Nc7+ Kd8 13. Nxa8 e5 14.
Be3 b6 15. Nxb6 axb6 16. Bxb6+ Kd7 17. Bb5+ Kc8 18. Kd2 Nb3+ 19. axb3 Kb7 20.
Ba5 Bc5 21. Rc1 Bb6 22. Bb4 Bxf2 23. Bf8 Nf6 24. Bxg7 Rd8+ 25. Ke2 Bh4 26. Rc4
Bg5 27. h4 Nh5 28. Bxe5 Kb6 29. Ba4 Rd2+ 30. Ke1 Be3 31. Rc3 Bd4 32. Kxd2 Bxe5
33. Rc6+ Kb7 34. Rc5 f6 35. b4 Nf4 36. Bc2 h6 37. b3 Ne6 38. Be4+ Ka7 39. Rc8
Nd4 40. Bd5 Kb6 41. Kd3 Kb5 42. f4 Bxf4 43. Kxd4 Be5+ 44. Ke4 Kxb4 45. Rh8 Kc5
46. Rxh6 Bb2 47. Rh5 Kd6 48. Rf5 Bc3 49. h5 Ke7 50. h6 Kf8 51. Rh5 1-0

[Event "East Lansing (MI Op/7/7)"]
[Site "?"]
[Date "1995.??.??"]
[Round "?"]
[White "Hahn, David"]
[Black "Moore, Dan"]
[Result "1-0"]
[WhiteElo "2215"]
[BlackElo "2060"]
[PlyCount "46"]
[EventDate "1995.??.??"]

{7/(7)} 1. e4 c5 2. c3 d6 3. d4 Nf6 4. Bd3 cxd4 5. cxd4 g6 6. Nc3 Bg7 7. h3 O-O
8. Nf3 Nc6 9. Be3 Bd7 10. O-O e5 11. dxe5 Nxe5 12. Nxe5 dxe5 13. Bc4 Bc6 14.
Qb3 Nxe4 15. Nxe4 Bxe4 16. Bc5 Qg5 17. f3 Bf5 18. Bxf8 Bxh3 19. Bxf7+ Kxf8 20.
Rf2 e4 21. fxe4 Bd4 22. Qb4+ Bc5 23. Bd5+ Kg7 1-0

[Event "East Lansing (MI Op/3/9)"]
[Site "?"]
[Date "1995.??.??"]
[Round "?"]
[White "Hahn, David"]
[Black "Linn, Peter"]
[Result "1-0"]
[WhiteElo "2215"]
[BlackElo "2130"]
[PlyCount "89"]
[EventDate "1995.??.??"]

{3/(9)} 1. e4 e6 2. Nf3 d5 3. Nc3 Bb4 4. a3 Bxc3 5. dxc3 dxe4 6. Qxd8+ Kxd8 7.
Ng5 Ke7 8. Nxe4 Nf6 9. Bd3 Nbd7 10. Bf4 e5 11. Nxf6 Kxf6 12. Be3 Nb6 13. f4
exf4 14. O-O Nd5 15. Bd4+ Ke7 16. c4 Nf6 17. Rxf4 Ne8 18. Re1+ Be6 19. Bf5 Nf6
20. Bxf6+ gxf6 21. Rfe4 Rac8 22. Bxe6 fxe6 23. Rxe6+ Kf7 24. Re7+ Kg6 25. R1e3
Rhd8 26. Rd3 Re8 27. Rg3+ Kf5 28. Rgg7 Rxe7 29. Rxe7 h5 30. c5 b6 31. c6 Rd8
32. Rd7 Rc8 33. Kf2 Kf4 34. g3+ Kf5 35. Kf3 Kg5 36. c3 a6 37. h3 h4 38. gxh4+
Kxh4 39. Kf4 Kxh3 40. Kf5 Kg3 41. Kxf6 Rf8+ 42. Ke7 Rf2 43. Rxc7 Rxb2 44. Rd7
Rc2 45. Rd3+ 1-0

[Event "East Lansing (MEX/5/5)"]
[Site "?"]
[Date "1995.??.??"]
[Round "?"]
[White "Hahn, David"]
[Black "Koster, Ed"]
[Result "1-0"]
[WhiteElo "2215"]
[BlackElo "2105"]
[PlyCount "81"]
[EventDate "1995.??.??"]

{5/(5)} 1. c4 Nf6 2. Nc3 e5 3. Nf3 Nc6 4. d3 d6 5. g3 g6 6. Bg2 Bg7 7. e4 Bg4
8. h3 Bxf3 9. Qxf3 Nd4 10. Qd1 O-O 11. O-O a6 12. Ne2 Nxe2+ 13. Qxe2 c6 14. Rb1
Re8 15. Kh2 h6 16. Be3 d5 17. Rbc1 dxc4 18. dxc4 Qa5 19. a3 Rad8 20. Rfd1 Rxd1
21. Rxd1 Rd8 22. b4 Qc7 23. h4 h5 24. f3 Nh7 25. Bh3 Nf8 26. a4 Rxd1 27. Qxd1
a5 28. b5 cxb5 29. cxb5 Qc4 30. Bb6 Qc3 31. Bd8 Bh6 32. Bf6 Bg7 33. Bg5 Qd4 34.
Qxd4 exd4 35. Bd8 Ne6 36. Bxe6 fxe6 37. Bxa5 Bh6 38. Kg2 Be3 39. Bb6 e5 40. a5
Bc1 41. Kf1 1-0

[Event "Troy (TCC/1/3)"]
[Site "?"]
[Date "1995.??.??"]
[Round "?"]
[White "Hahn, David"]
[Black "Kende, M."]
[Result "1/2-1/2"]
[WhiteElo "2240"]
[BlackElo "1990"]
[PlyCount "89"]
[EventDate "1995.??.??"]

{1/(3)} 1. c4 e5 2. g3 Nc6 3. Bg2 g6 4. Nc3 Bg7 5. Rb1 a5 6. a3 d6 7. b4 axb4
8. axb4 Bf5 9. d3 Qd7 10. b5 Nd8 11. Qb3 Ne7 12. b6 c6 13. e4 Be6 14. Nge2 O-O
15. O-O Bh3 16. Bd2 Bxg2 17. Kxg2 Ne6 18. Ra1 Nc5 19. Qc2 f5 20. Na4 Ne6 21. f3
Ra6 22. Ra2 Nc8 23. Qb3 Kh8 24. Be3 f4 25. Bf2 fxg3 26. Bxg3 Ng5 27. Ng1 Qf7
28. Raf2 Ne6 29. f4 exf4 30. Bxf4 Nxf4+ 31. Rxf4 Qe7 32. Rxf8+ Bxf8 33. c5 Kg7
34. cxd6 Nxd6 35. Qc3+ Kg8 36. Nc5 Rxb6 37. Rxf8+ Qxf8 38. Nd7 Qd8 39. Nxb6
Qxb6 40. Nf3 Qe3 41. Qf6 Qe2+ 42. Kg3 Qxd3 43. Qd8+ Kg7 44. Qd7+ Kg8 45. Qd8+
1/2-1/2

[Event "East Lansing (MI Op/5/5)"]
[Site "?"]
[Date "1995.??.??"]
[Round "?"]
[White "Hahn, David"]
[Black "Fuller, William"]
[Result "1-0"]
[WhiteElo "2215"]
[BlackElo "2075"]
[PlyCount "59"]
[EventDate "1995.??.??"]

{5/(5)} 1. e4 c5 2. c3 Nf6 3. e5 Nd5 4. d4 cxd4 5. Nf3 e6 6. cxd4 b6 7. Bd2 Bb7
8. Nc3 d6 9. Bb5+ Nd7 10. Ne4 a6 11. Bg5 f6 12. Bxd7+ Kxd7 13. Bd2 Ke8 14. O-O
Be7 15. Re1 dxe5 16. dxe5 f5 17. Nd6+ Bxd6 18. exd6 Qxd6 19. Qe2 Nc7 20. Bc3
Bxf3 21. Qxf3 Kf7 22. Be5 Qe7 23. Qh5+ Kg8 24. Bxc7 Qxc7 25. Rxe6 g6 26. Qg5
Ra7 27. Rae1 Ra8 28. Re8+ Rxe8 29. Rxe8+ Kf7 30. Rxh8 1-0

[Event "East Lansing (MEX/2/1)"]
[Site "?"]
[Date "1995.??.??"]
[Round "?"]
[White "Hahn, David"]
[Black "Finegold, Ben"]
[Result "1/2-1/2"]
[WhiteElo "2215"]
[BlackElo "2590"]
[PlyCount "60"]
[EventDate "1995.??.??"]

{2/(1)} 1. e4 c5 2. c3 d5 3. exd5 Qxd5 4. d4 Nf6 5. Nf3 Bg4 6. Be2 e6 7. O-O
Nc6 8. Be3 cxd4 9. Nxd4 Bxe2 10. Qxe2 Nxd4 11. Bxd4 Be7 12. Rd1 Qf5 13. Rd3 O-O
14. Nd2 Rfd8 15. Nf1 Nd5 16. Ne3 Nf4 17. Nxf5 Nxe2+ 18. Kf1 Nxd4 19. Nxe7+ Kf8
20. Rad1 Kxe7 21. Rxd4 Rxd4 22. Rxd4 Rc8 23. Ke2 e5 24. Ra4 a6 25. Rb4 b5 26.
Kd3 Kd6 27. a4 Kc5 28. axb5 axb5 29. f4 Rd8+ 30. Ke3 Rd5 1/2-1/2

[Event "East Lansing (MEX/1/7)"]
[Site "?"]
[Date "1995.??.??"]
[Round "?"]
[White "Hahn, David"]
[Black "Bailey, Greg"]
[Result "1-0"]
[WhiteElo "2215"]
[BlackElo "2080"]
[PlyCount "129"]
[EventDate "1995.??.??"]

{1/(7)} 1. c4 f5 2. g3 Nf6 3. Bg2 e6 4. Nf3 Be7 5. O-O c6 6. b3 d5 7. d4 Nbd7
8. Ba3 Bxa3 9. Nxa3 Qe7 10. Nc2 O-O 11. Nce1 e5 12. dxe5 Nxe5 13. Nxe5 Qxe5 14.
cxd5 Nxd5 15. Nd3 Qf6 16. Bxd5+ cxd5 17. Nf4 d4 18. Rc1 g5 19. Nd5 Qe5 20. Nc7
Rb8 21. Rc4 f4 22. Qxd4 Qxe2 23. Qd5+ Kh8 24. Re4 Qb2 25. Rd4 h6 26. Qe5+ Kg8
27. Ne8 Qxd4 28. Nf6+ Rxf6 29. Qxd4 Rf8 30. Re1 Bh3 31. Re7 Rf7 32. Rxf7 Kxf7
33. gxf4 Re8 34. f3 a6 35. Kf2 Re7 36. Kg3 Be6 37. Qh8 gxf4+ 38. Kxf4 Kg6 39.
Kg3 Rg7 40. Qf8 Kh7+ 41. Kf2 Rf7 42. Qe8 Bd5 43. Qe3 Rxf3+ 44. Qxf3 Bxf3 45.
Kxf3 Kg6 46. Kg4 h5+ 47. Kf4 Kf6 48. b4 b5 49. h4 Ke6 50. Kg5 Kd5 51. Kxh5 Kc4
52. Kg5 Kxb4 53. h5 Ka3 54. h6 Kxa2 55. h7 b4 56. h8=Q b3 57. Qa8 b2 58. Qxa6+
Kb3 59. Qd3+ Ka2 60. Qc2 Ka1 61. Qa4+ Kb1 62. Kf4 Kc1 63. Qc4+ Kd1 64. Qb3+ Kc1
65. Qc3+ 1-0

[Event "Lansing (Mini-Swiss.3/3)"]
[Site "?"]
[Date "1995.??.??"]
[Round "?"]
[White "Gutierrez, M."]
[Black "Smalec, Joseph"]
[Result "1/2-1/2"]
[WhiteElo "1605"]
[BlackElo "1605"]
[PlyCount "87"]
[EventDate "1995.??.??"]

{3/(3)} 1. e4 e5 2. Nf3 Nf6 3. Nc3 Nc6 4. d4 exd4 5. Nxd4 Nxd4 6. Qxd4 b6 7. e5
Bc5 8. Qd3 Ng4 9. Ne4 Nxe5 10. Qg3 Ng6 11. Nxc5 bxc5 12. Qe3+ Qe7 13. Qxe7+
Nxe7 14. Bc4 O-O 15. O-O d5 16. Re1 dxc4 17. Rxe7 Rd8 18. Be3 Rb8 19. b3 Be6
20. Bxc5 Rd2 21. Bxa7 Rbd8 22. h3 Rxc2 23. Rxc7 cxb3 24. Rxc2 bxc2 25. Rc1 Rc8
26. Kf1 Bxa2 27. Ke2 Bb3 28. Kd3 Rd8+ 29. Bd4 Kf8 30. Kc3 Ba4 31. Bc5+ Kg8 32.
Kb4 Rd1 33. Be3 Rxc1 34. Bxc1 Bc6 35. Kc3 Bxg2 36. Kxc2 Bxh3 37. Kd2 h6 38. Ke3
g5 39. Kf3 f5 40. Kg3 Bf1 41. Bd2 f4+ 42. Bxf4 gxf4+ 43. Kxf4 Kg7 44. Kg3
1/2-1/2

[Event "Lansing (Mini-Swiss.3/1)"]
[Site "?"]
[Date "1995.??.??"]
[Round "?"]
[White "Gutierrez, M."]
[Black "Charette, B."]
[Result "1-0"]
[WhiteElo "1605"]
[BlackElo "1605"]
[PlyCount "101"]
[EventDate "1995.??.??"]

{3/(1)} 1. e4 e5 2. Nf3 Nf6 3. Nc3 Bb4 4. d3 Nc6 5. Bd2 d6 6. Be2 O-O 7. a3
Bxc3 8. Bxc3 Bg4 9. O-O Nh5 10. Nxe5 dxe5 11. Bxg4 Nf4 12. Qf3 Nd4 13. Bxd4
Qxd4 14. g3 Ng6 15. c3 Qd6 16. Qe3 b6 17. d4 exd4 18. cxd4 c6 19. f4 Rad8 20.
Rfd1 c5 21. dxc5 Qxc5 22. Qxc5 bxc5 23. Rxd8 Rxd8 24. Rd1 Rxd1+ 25. Bxd1 Kf8
26. Kf2 Ke7 27. Ke3 Nf8 28. Bc2 g6 29. e5 f5 30. exf6+ Kxf6 31. Ke4 Ke6 32.
Bb3+ Kd6 33. Ba4 a6 34. f5 a5 35. f6 Ke6 36. f7 Kxf7 37. Kd5 Ne6 38. Bd7 Nd4
39. Kxc5 Nf3 40. Kb5 Nxh2 41. Kxa5 h5 42. Kb5 Nf1 43. a4 Nxg3 44. a5 Nf5 45.
Bxf5 gxf5 46. a6 Kg6 47. a7 f4 48. a8=Q Kg5 49. Qg2+ Kf5 50. Kc4 h4 51. Kd4 1-0

[Event "Lansing (Mini-Swiss.3/1)"]
[Site "?"]
[Date "1995.??.??"]
[Round "?"]
[White "Gutierrez, M."]
[Black "Brumley, Ron"]
[Result "0-1"]
[WhiteElo "1605"]
[BlackElo "1605"]
[PlyCount "74"]
[EventDate "1995.??.??"]

{3/(1)} 1. e4 c5 2. Bc4 Nc6 3. Nc3 Nf6 4. Nf3 Nxe4 5. Qe2 Nf6 6. Ng5 e6 7. O-O
Nd4 8. Qd1 d5 9. Bb5+ Nd7 10. d3 Be7 11. Qh5 g6 12. Qg4 Nxc2 13. Nxf7 Kxf7 14.
Bxd7 Bxd7 15. Rb1 Re8 16. Qh3 Kg8 17. f4 Nd4 18. Be3 Bf6 19. Kh1 Rf8 20. Rbe1
Nc2 21. Re2 Nxe3 22. Qxe3 d4 23. Qe4 dxc3 24. bxc3 b6 25. d4 cxd4 26. cxd4 Bxd4
27. Qxd4 Bb5 28. Qe5 Bxe2 29. Qxe6+ Kg7 30. Qxe2 Qc7 31. Qb2+ Rf6 32. f5 Raf8
33. Qd4 Qc6 34. fxg6 hxg6 35. Re1 Qd5 36. Qxd5 Rf1+ 37. Rxf1 Rxf1# 0-1

[Event "Lansing (Mini-Swiss.3/3)"]
[Site "?"]
[Date "1995.??.??"]
[Round "?"]
[White "Gutierrez, M."]
[Black "Andreas, L."]
[Result "0-1"]
[WhiteElo "1605"]
[BlackElo "1605"]
[PlyCount "134"]
[EventDate "1995.??.??"]

{3/(3)} 1. e4 c5 2. Bc4 Nc6 3. Nc3 e6 4. Nf3 d6 5. O-O Nf6 6. Re1 Be7 7. Bb5
O-O 8. Bxc6 bxc6 9. e5 Nd5 10. exd6 Bxd6 11. Ne4 Be7 12. c4 Nb6 13. Ne5 Bb7 14.
a4 a5 15. b3 Nd7 16. Nxd7 Qxd7 17. Ba3 Qd4 18. Qe2 f5 19. Nxc5 Bxc5 20. Qxe6+
Kh8 21. Bxc5 Qxc5 22. Qd7 Rab8 23. Re7 Bc8 24. Qc7 Rb7 25. Re5 Rxc7 26. Rxc5
Re8 27. Rxa5 Rce7 28. Ra8 Kg8 29. Kf1 Kf7 30. a5 Bb7 31. Rxe8 Rxe8 32. a6 Ba8
33. a7 Rd8 34. Ra2 c5 35. g3 g5 36. Ke1 Ke6 37. Ke2 Ke5 38. Ke3 f4+ 39. gxf4+
gxf4+ 40. Ke2 Kd4 41. Ra6 Re8+ 42. Kd1 Ke4 43. Rb6 Re7 44. Ra6 Kf3 45. d4 cxd4
46. b4 d3 47. Kd2 Kxf2 48. c5 Re2+ 49. Kxd3 f3 50. Rf6 Re3+ 51. Kd2 Ra3 52. Rf7
Ra2+ 53. Kc3 h5 54. Kb3 Bd5+ 55. Kc3 Bxf7 56. c6 Rxa7 57. b5 Rc7 58. Kb4 Ke3
59. Kc5 f2 60. b6 Rxc6+ 61. Kxc6 f1=Q 62. b7 Qf6+ 63. Kc7 Qe7+ 64. Kb6 Qd8+ 65.
Ka7 h4 66. b8=Q Qxb8+ 67. Kxb8 Kf3 0-1

[Event "Lansing (Mini-Swiss.3/2)"]
[Site "?"]
[Date "1995.??.??"]
[Round "?"]
[White "Gutierrez, J."]
[Black "Draper, M."]
[Result "0-1"]
[WhiteElo "1605"]
[BlackElo "1605"]
[PlyCount "110"]
[EventDate "1995.??.??"]

{3/(2)} 1. e4 e6 2. d4 d5 3. e5 c5 4. c3 Nc6 5. Nf3 Qb6 6. Be2 Nh6 7. Bxh6 gxh6
8. Qd2 cxd4 9. Nxd4 Nxd4 10. Qxd4 Qxd4 11. cxd4 Bd7 12. O-O a6 13. Nd2 b5 14.
Rac1 Rc8 15. Rxc8+ Bxc8 16. Rc1 Kd7 17. Nb3 Bb7 18. Bh5 Be7 19. Nc5+ Bxc5 20.
Rxc5 Rc8 21. Rxc8 Bxc8 22. Bxf7 Ke7 23. Bg8 Bd7 24. Bxh7 Be8 25. f4 Bh5 26. Kf2
Bg4 27. h3 Bf5 28. g4 Bxh7 29. Kg3 Bg6 30. Kh4 Kf7 31. Kg3 Bb1 32. a3 Kg6 33.
h4 h5 34. b4 hxg4 35. Kxg4 Bf5+ 36. Kf3 Kh5 37. Kg3 Bg4 38. Kf2 Kxh4 39. Kg2
Bf5 40. Kf3 Be4+ 41. Kf2 Kg4 42. Ke3 Kg3 43. Kd2 Kxf4 44. Kc3 Bg6 45. Kb3 Ke4
46. a4 Be8 47. axb5 axb5 48. Kc3 Ke3 49. Kc2 Kxd4 50. Kd2 Kxe5 51. Ke3 Bg6 52.
Kf3 Kd4 53. Kf4 Bf5 54. Kg5 Ke4 55. Kf6 d4 0-1

[Event "East Lansing (Class B/1/10)"]
[Site "?"]
[Date "1995.??.??"]
[Round "?"]
[White "Grzegorczyk, Ron"]
[Black "Velasquez, A."]
[Result "0-1"]
[WhiteElo "1615"]
[BlackElo "1715"]
[PlyCount "88"]
[EventDate "1995.??.??"]

{1/(10)} 1. e4 c5 2. Nf3 Nc6 3. c4 g6 4. Nc3 Bg7 5. d3 d6 6. Be2 Nf6 7. a3 O-O
8. Rb1 Bd7 9. Bd2 Rb8 10. Qc1 Re8 11. O-O a6 12. Bh6 Bh8 13. Ng5 Nd4 14. Bd1 b5
15. Ne2 Nxe2+ 16. Bxe2 Ng4 17. Bxg4 Bxg4 18. Qf4 Be6 19. Qg3 bxc4 20. dxc4 Bxc4
21. Rfe1 Rxb2 22. Rxb2 Bxb2 23. f4 Bd4+ 24. Kh1 Qd7 25. f5 Be5 26. Qg4 Rb8 27.
h3 Ba2 28. fxg6 Qxg4 29. gxh7+ Kh8 30. hxg4 Bf6 31. Nxf7+ Bxf7 32. g5 Bg7 33.
Rf1 Bg6 34. Re1 Bxh6 35. gxh6 Kxh7 36. e5 d5 37. g4 Kxh6 38. Re3 Rb2 39. Rh3+
Kg5 40. a4 d4 41. a5 d3 42. e6 d2 43. Kg2 d1=Q+ 44. Kg3 Qxg4# 0-1

[Event "East Lansing (MOR/1a/19)"]
[Site "?"]
[Date "1995.??.??"]
[Round "?"]
[White "Grzegorczyk, Ron"]
[Black "Paul, Dennis"]
[Result "0-1"]
[WhiteElo "1605"]
[BlackElo "1605"]
[PlyCount "64"]
[EventDate "1995.??.??"]

1. e4 Nc6 2. Nf3 Nf6 3. Nc3 g6 4. d4 d6 5. Be2 Bg7 6. O-O O-O 7. a3 Re8 8. d5
Ne5 9. Nxe5 dxe5 10. Bb5 Bd7 11. Qe2 c6 12. dxc6 Bxc6 13. Bxc6 bxc6 14. Bg5 Qc8
15. Rfd1 Qg4 16. Qxg4 Nxg4 17. Rd7 Bf6 18. Bc1 Red8 19. Rxd8+ Rxd8 20. h3 Nxf2
21. Kxf2 e6 22. Be3 Be7 23. Bxa7 Rd2+ 24. Kf3 Rxc2 25. Na4 f5 26. exf5 exf5 27.
Be3 h5 28. Rc1 e4+ 29. Kg3 Bd6+ 30. Kh4 Rxg2 31. Bc5 Bf4 32. Rg1 Bg5# 0-1